| 000 | nam a22 7a 4500 | ||
|---|---|---|---|
| 999 |
_c127101 _d127101 |
||
| 008 | 171012b xxu||||| |||| 00| 0 eng d | ||
| 050 | _aPR2340.A5 K5 | ||
| 100 |
_aSidney, Philip _937051 |
||
| 245 |
_aSelected prose and poetry _cPhilip Sidney |
||
| 260 |
_aSan Francisco _bRinehart Press _c1969 |
||
| 300 |
_axxxiv, 539p. ; _c21cm. |
||
| 700 |
_a Kimbrough, Robert _937052 _eed. |
||
| 942 |
_2lcc _cMONOGRAPH |
||